000 00739nam a22002297a 4500
003 UA-OsUOA
001 49904
007 ta
008 20140425b un ||||| |||| 00| 0 ukr d
090 _a09.-81'374
_bУ45
942 _cBK
040 _aUA-OsUOA
_bukr
_cUA-OsUOA
_dUA-OsUOA
245 _aУкраїнсько-німецький словник
_cуклад. З. Кузеля, Я. Рудницький
300 _a1494 с.
955 _a1
041 _aukr
080 _a09.-81'374
260 _aЛяйпціг
_bОтто Гаррассовіц
_c1943
650 7 _a0 Загальний відділ.
_2UDC
999 _c430026
_d430026